000 00294 a2200145 4500
001 168474
020 _a
040 _cMagnum
100 _aBruner, Jerome
240 1 0 _aAtos de significacao
_lpor
245 1 0 _aAtos de significacao
362 0 _a1899
697 _aPSICOLOGIA
942 _cBK
999 _c168474
_d168474